| 000 | 01386nam a22002897a 4500 | ||
|---|---|---|---|
| 005 | 20211111121101.0 | ||
| 008 | s2531 th tha d | ||
| 020 | _a9742451133 | ||
| 041 | _atha | ||
| 050 | _aDS570.4 ธ129น 2531 | ||
| 100 | 0 | _aธงทอง จันทรางศุ | |
| 245 | 1 | 0 | _aในกำแพงแก้ว |
| 260 | 3 |
_aกรุงเทพฯ : _bบำรุงสาส์น, _c2531 |
|
| 300 |
_a293 หน้า : _b ภาพประกอบ ; _c 19 ซม. |
||
| 650 | 0 | 4 | _aราชสกุล |
| 650 | 0 | 4 | _aราชสำนักและข้าราชสำนัก |
| 650 | 0 | 4 | _aราชินี |
| 650 | 0 | 4 | _aศรีพัชรินทราบรมราชินีนาถ, สมเด็จพระ, 2406--2462 |
| 650 | 0 | 4 | _aศรีสวรินทิราบรมราชเทวี พระพันวัสสาอัยยิกาเจ้า, สมเด็จพระ, 2405--2498 |
| 650 | 0 | 4 | _aสุขุมาลมารศรี, สมเด็จพระปิตุจฉาเจ้า |
| 650 | 0 | 4 | _aสุนันทากุมารีรัตน์, สมเด็จพระนางเจ้า, 2403--2423 |
| 650 | 0 | 4 | _aเจ้าจอมมารดา |
| 850 | _aNALT | ||
| 942 |
_cGB _01 |
||
| 997 | _c000000000007866 | ||
| 998 |
_aBENJALUCK _j8 _k บัณฑิต อุทาวงค์ |
||
| 999 |
_c7866 _d7866 |
||